000 00510nam a2200193Ia 4500
003 GCL
008 140319s9999 xx 000 0 eng d
040 _aGCL /
_cGCL
082 0 4 _a551.46
_bC S
100 1 _aCARSON, RASHEL
245 1 0 _aTHE SEA AROUND US /
_cCARSON, RASHEL
260 _a[S.N] :
_bOXFORD UNIVERSITY PRESS ،
_c1961
300 _a250 P
650 0 4 _aالمجموعات النادرة
650 0 4 _aOCEAN
650 0 4 _aOCEANOGRAPHY
650 0 4 _aOCEANS - ENVIRONMENTAL
942 _2ddc
_cBK
999 _c16006
_d16006